Multiple Choice City Quiz – Asunción - Statistics

General Stats
  • This quiz has been taken 11 times
  • The average score is 6 of 10
Answer Stats
Question Answer % Correct
What is the indigenous language spoken in Asunción? Guaraní
90%
Which major historical event took place in Asunción in 1811? The Declaration of Independence of Paraguay
80%
Which major international event took place in Asunción in 1992? The Pan American Games
70%
What country borders Asunción? Argentina
60%
What is the name of the football club in Asunción that has won many Copa Libertadores titles? Olimpia
50%
Which river flows along the western border of Asunción? Paraguay River
50%
In which year was Asunción founded? 1537
40%
Asunción is part of which department of Paraguay? Central
40%
After who was named the main international airport in Paraguay? Silvio Pettirossi
40%
Which of these is an iconic building in Asunción?
30%
No matching quizzes found
Score Distribution
Percent of People with Each Score
Percentile by Number Answered
Your Score History
You have not taken this quiz